| 000 | 00949nam a22002897a 4500 | ||
|---|---|---|---|
| 003 | OSt | ||
| 005 | 20220107122804.0 | ||
| 008 | 150903b xxu||||| |||| 00| 0 eng d | ||
| 020 | _a9788186514733 | ||
| 040 | _cIIITMK | ||
| 082 | _a005.8 BHU/A | ||
| 245 | _aArtificial intelligence and network security: Selected papers of bilingual international conference on information technology: yesterday, today, and tomorrow 19-21 February 2015 | ||
| 260 |
_aNew Delhi, _bDESIDOC, _c2015. |
||
| 300 | _avi, 289 p. | ||
| 650 |
_aARTIFICIAL INTELLIGENCE _97595 |
||
| 650 |
_aNETWORK SECURITY _97596 |
||
| 650 |
_aCYBER SECURITY _97597 |
||
| 650 |
_aNETWORKING _97598 |
||
| 650 |
_aCOMMUNICATION _97599 |
||
| 650 |
_aCRYPTANALYSIS _97600 |
||
| 700 |
_aBhushan, Sudhanshu _97601 |
||
| 700 |
_aSaravanan, A. _97602 |
||
| 700 |
_aBansal, Alka _97603 |
||
| 700 |
_aAnitha Saravanan _97604 |
||
| 700 |
_aKumar, Phuldeep (Eds.). _97605 |
||
| 942 |
_2ddc _cBK |
||
| 999 |
_c4800 _d4800 |
||